Normal view
MARC view
Entry Personal Name
001 - CONTROL NUMBER
- control field: 52280
003 - CONTROL NUMBER IDENTIFIER
- control field: ARRUPE
005 - DATE AND TIME OF LATEST TRANSACTION
- control field: 20230330151359.0
008 - FIXED-LENGTH DATA ELEMENTS
- fixed length control field: 230330|| aca||aabn | a|a d
040 ## - CATALOGING SOURCE
- Original cataloging agency: ARRUPE
- Transcribing agency: ARRUPE
100 ## - HEADING--PERSONAL NAME
- Personal name: Michel,Thomas sj
670 ## - SOURCE DATA FOUND
- Source citation: Work cat.: (ARRUPE)131720: Michel,Thomas sj, Jesuits in dialogue;, 2006.